Central Library OPAC University of Rajshahi

The usages of the American Constitution. (Record no. 4514)

MARC details
000 -LEADER
fixed length control field 00825cam a2200277 4500
001 - CONTROL NUMBER
control field 4514
003 - CONTROL NUMBER IDENTIFIER
rucl marc code BD-RjUL
005 - DATE AND TIME OF LATEST TRANSACTION
control field 20211208233914.0
008 - FIXED-LENGTH DATA ELEMENTS--GENERAL INFORMATION
fixed length control field 131222r19691925nyu b 001 0 eng
020 ## - INTERNATIONAL STANDARD BOOK NUMBER
International Standard Book Number 0804602166
035 ## - SYSTEM CONTROL NUMBER
System control number (BD-RjUL)4549
040 ## - CATALOGING SOURCE
Original cataloging agency DLC
Transcribing agency DLC
Modifying agency DLC
-- BD-RjUL
Language of cataloging eng
041 ## - LANGUAGE CODE
Language code of text/sound track or separate title eng
082 00 - DEWEY DECIMAL CLASSIFICATION NUMBER
Classification number 342.7309
Author mark and year HOU
100 1# - MAIN ENTRY--PERSONAL NAME
Personal name Horwill, Herbert William,
Dates associated with a name 1864-1952.
9 (RLIN) 14275
245 14 - TITLE STATEMENT
Title The usages of the American Constitution.
260 ## - PUBLICATION, DISTRIBUTION, ETC. (IMPRINT)
Place of publication, distribution, etc. Port Washington, N.Y.,
Name of publisher, distributor, etc. Kennikat Press
Date of publication, distribution, etc. 1969.
300 ## - PHYSICAL DESCRIPTION
Pagination ix, 251 p.;
Size 22 cm.
500 ## - GENERAL NOTE
General note Reprint of the 1925 ed.
504 ## - BIBLIOGRAPHY, ETC. NOTE
Bibliography, etc Includes Bibliographical footnotes and index.
610 10 - SUBJECT ADDED ENTRY--CORPORATE NAME
Corporate name or jurisdiction name as entry element United States.
651 #0 - SUBJECT ADDED ENTRY--GEOGRAPHIC NAME
Geographic name United States
General subdivision Politics and government.
9 (RLIN) 14277
942 ## - ADDED ENTRY ELEMENTS (KOHA)
Source of classification or shelving scheme Dewey Decimal Classification
Koha item type Books
Holdings
Lost status Source of classification or shelving scheme Damaged status Not for loan Collection code Permanent Location Current Location Shelving location Date acquired Source of acquisition Cost, normal purchase price Total Checkouts Full call number Date last seen Copy number Koha item type
  Dewey Decimal Classification     Non-fiction Central Library, University of Rajshahi Central Library, University of Rajshahi   07/07/1970 sweets and Zitlinger 22.00   342.7309 HOU 1969 22/12/2013 C-3 Books
  Dewey Decimal Classification     Non-fiction Central Library, University of Rajshahi Central Library, University of Rajshahi   07/07/1970 Zeitlinger 22.00   342.7309 HOU 1967 07/08/2016 C-4 Books
  Dewey Decimal Classification     Non-fiction Central Library, University of Rajshahi Central Library, University of Rajshahi   07/07/1970 Zeitlinger 22.00   342.7309 HOU 1969 07/08/2016 C-5 Books
  Dewey Decimal Classification     Non-fiction Central Library, University of Rajshahi Central Library, University of Rajshahi   07/07/1970 Zeitlinger 22.00   342.7309 HOU 1969 07/08/2016 C-6 Books
  Dewey Decimal Classification   Not For Loan Non-fiction Central Library, University of Rajshahi Central Library, University of Rajshahi Reading Room 07/07/1970 Sweets & Zuitlinger 22.00   342.7309 HOU 1969 26/12/2016 C-1 Books